000 00513nam a2200169 a 4500
001 000028221
005 20200930031443.0
008 110414s1988 dr r 000 0 spa d
040 _aDO-SdBNP
_bspa
_cBNPHU
082 _axxxx
_bV715
100 1 _aVillamán, Marcos
_9760
245 1 0 _aMetodología para la formación de la conciencia crítica : /
_cMarcos Villamán.
260 _aSanto Domingo :
_bCentro Poveda,
_c1988.
300 _a37 p. ;
_c14 cm.
500 _a(versión corregida)
500 _aFolleto no. 1
999 _c27713
_d27713